000 00716nam a2200181Ia 4500
008 100920s9999 xx 000 0 und d
082 _b88191
_a51 0
100 _aकेळकर नरसिंह चिंतामण.
245 _aगतगोष्टी अर्थात्र माझी जीवन-यात्रा.
260 _b---
_c0
300 _a420
_bसाधी
365 _b0
520 _aचरित्र.
630 _aगतगोष्टी अर्थात्र माझी जीवन-यात्रा.
650 _aचरित्र.
730 _aगतगोष्टी अर्थात्र माझी जीवन-यात्रा.
942 _cBOOK
999 _c728697
_d728694